[Event "SLO-ch"]
[Site "Krsko"]
[Date "1997.??.??"]
[Round "?"]
[White "Jelen, Igor"]
[Black "Podlesnik, Bogdan"]
[Result "1/2-1/2"]
[WhiteElo "2435"]
[BlackElo "2425"]

1.d4 Nf6 2.c4 e6 3.Nc3 Bb4 4.Qc2 O-O 5.a3 Bxc3+ 6.Qxc3 b6 7.Bg5 Bb7 8.f3 h6
9.Bh4 d5 10.e3 Nbd7 11.cxd5 Nxd5 12.Bxd8 Nxc3 13.Bh4 Nd5 14.Bf2 c5 15.Bb5 Rad8
16.Ne2 cxd4 17.Nxd4 e5 18.Nc6 Bxc6 19.Bxc6 Nc5 20.Rd1 Ne7 21.Bb5 Rxd1+ 22.Kxd1 Rc8
23.Re1 a6 24.Bf1 b5 25.Bg3 f6 26.Re2 Kf7 27.Rc2 Ke6 28.Be1 f5 29.Bb4 Na4
30.Rxc8 Nxc8 31.Kc2 Nd6 32.b3 Nb6 33.Kd3 Nd5 34.Bd2 g5 35.Be2 Nb7 36.Kc2 Nc5
37.h3 e4 38.Bc1 Kd6 39.Bf1 h5 40.Be2 h4 41.Bd2 Kc6 42.Bf1 Kd6 43.Be2 Ke6
44.Bc1 Kd6 45.Bd2  1/2-1/2

[Event "US-op"]
[Site "Las Vegas"]
[Date "1997.??.??"]
[Round "1"]
[White "Reynolds, David B"]
[Black "Donaldson, John W"]
[Result "0-1"]
[WhiteElo "2080"]
[BlackElo "2515"]

1.d4 Nf6 2.c4 e6 3.Nc3 Bb4 4.Qc2 O-O 5.Nf3 c5 6.dxc5 Na6 7.g3 Nxc5 8.Bd2 b6
9.Bg2 Bb7 10.O-O Rc8 11.a3 Bxc3 12.Bxc3 Be4 13.Qd1 d5 14.cxd5 Nxd5 15.Rc1 Qe7
16.Nd2 Bxg2 17.Kxg2 Rfd8 18.Qe1 e5 19.b4 Na4 20.Nb1 b5 21.e4 Ndb6 22.Qe2 Nc4
23.Ba1 Rc6 24.Rcd1 Rcd6 25.Rxd6 Qxd6 26.Nc3 Nxc3 27.Bxc3 Qd3 28.Qxd3 Rxd3
29.Rc1 f6 30.a4 bxa4 31.Be1 Nd6 32.Rc7 Nb5 33.Rb7 a6 34.Rb6 Rd1 35.Kf1 Rd6
36.Rb8+ Kf7 37.Rc8 a3 38.Rc2 Rd3 39.Ke2 Rb3 40.Kd2 Rxb4 41.Kd3 Rb3+  0-1

[Event "Anibal op 4th"]
[Site "Linares"]
[Date "1997.??.??"]
[Round "3"]
[White "Touzane, Olivier"]
[Black "San Segundo, Pablo"]
[Result "1/2-1/2"]
[WhiteElo "2355"]
[BlackElo "2505"]

1.d4 Nf6 2.c4 e6 3.Nc3 Bb4 4.Qc2 O-O 5.a3 Bxc3+ 6.Qxc3 b6 7.Bg5 Ba6 8.e3 d6
9.Bd3 Nbd7 10.Ne2 c5 11.Qb3 h6 12.Bh4 cxd4 13.exd4 Qc7 14.Rc1 Qb7 15.O-O d5
16.cxd5 Nxd5 17.Bxa6 Qxa6 18.Nc3 Nxc3 19.bxc3 b5 20.f4 g6 21.Rb1 Rab8 22.d5 Rfc8
23.Bf2 Nc5 24.Bxc5 Rxc5 25.dxe6 Qxe6 26.Qxe6 fxe6 27.a4 a6 28.axb5 Rbxb5
29.Rxb5 axb5 30.Rf3 Kf7 31.Rd3 Kf6 32.Kf2 Kf5 33.Kf3 h5 34.g3 e5 35.fxe5 Kxe5
36.h4 Kf5 37.Re3 Rc4 38.Rd3 Ke5 39.Re3+ Kf5 40.Rd3 Rc5 41.Re3 Rc6 42.Rd3 Ke5
43.Ke3 Rc4 44.Kf3 Ra4 45.Ke2 Ra3 46.Ke3 Rb3 47.Kf3 Kf5 48.Rd5+ Ke6 49.Rd3 Ke5
50.Ke3 Ra3 51.Kf3 Rb3  1/2-1/2

[Event "Anibal op 4th"]
[Site "Linares"]
[Date "1997.??.??"]
[Round "7"]
[White "Vera, Reynaldo"]
[Black "Lalic, Bogdan"]
[Result "1/2-1/2"]
[WhiteElo "2510"]
[BlackElo "2585"]

1.d4 Nf6 2.c4 e6 3.Nc3 Bb4 4.Qc2 O-O 5.a3 Bxc3+ 6.Qxc3 b6 7.Bg5 Ba6 8.e3 d6
9.Bd3 Nbd7 10.Ne2 c5 11.b4 Rc8 12.dxc5 bxc5 13.b5 Bb7 14.O-O h6 15.Bh4 d5
16.Rfd1 Ne4 17.Bxd8 Nxc3 18.Nxc3 Rcxd8 19.cxd5 exd5 20.Be2 Nb6 21.Rd2 d4
22.Rad1 Rc8 23.exd4 cxd4 24.Na2 Rfe8 25.Bf1 Bd5 26.Nb4 Bb3 27.Rb1 Bc4 28.Rxd4 Bxf1
29.Kxf1 Rc3 30.Rd3 Rc5 31.Na6 Rc2 32.Re1 Rxe1+ 33.Kxe1 Rb2 34.Nb4 Nc4 35.g3 Nxa3
36.Rxa3 Rxb4 37.Ra5 Rb2 38.h4 g5 39.hxg5 hxg5 40.f3 Kg7 41.g4 Kf6  1/2-1/2

[Event "Masters"]
[Site "Lisbon"]
[Date "1997.??.??"]
[Round "7"]
[White "Pinheiro, Jose"]
[Black "Damaso, Rui"]
[Result "0-1"]
[WhiteElo "2255"]
[BlackElo "2465"]

1.d4 Nf6 2.c4 e6 3.Nc3 Bb4 4.Qc2 O-O 5.Nf3 c5 6.dxc5 Na6 7.e3 Nxc5 8.Bd2 b6
9.Be2 Bb7 10.O-O Rc8 11.a3 Bxc3 12.Bxc3 d5 13.Ng5 Nfe4 14.Nxe4 Nxe4 15.Bb4 Re8
16.Bd3 a5 17.Be1 Ng5 18.f4 dxc4 19.fxg5 cxd3 20.Qf2 Rc7 21.h4 Qd5 22.Bc3 e5
23.Rad1 f5 24.gxf6 gxf6 25.Rd2 Rg7 26.e4 Qxe4 27.Re1 Qc6 28.Re3 Qc5 29.Kf1 Bxg2+
30.Ke1 Be4 31.Rg3 Qxf2+ 32.Kxf2 Rxg3 33.Kxg3 Kf7 34.Kf2 f5 35.Rd1 Ke6 36.Rg1 f4
37.Rg5 Kd5 38.h5 Re6 39.Ke1 h6 40.Rg8 Bf3  0-1

[Event "Ljubljana"]
[Site "Ljubljana"]
[Date "1997.??.??"]
[Round "2"]
[White "Jelen, Igor"]
[Black "Farago, Ivan"]
[Result "1-0"]
[WhiteElo "2405"]
[BlackElo "2470"]

1.d4 Nf6 2.c4 e6 3.Nc3 Bb4 4.Qc2 O-O 5.a3 Bxc3+ 6.Qxc3 b6 7.Bg5 Bb7 8.f3 h6
9.Bh4 d5 10.e3 Nbd7 11.cxd5 Nxd5 12.Bxd8 Nxc3 13.Bh4 Nd5 14.Bf2 c5 15.Bb5 Rad8
16.Ne2 cxd4 17.Nxd4 a6 18.Be2 Nc5 19.O-O Na4 20.Rab1 Rc8 21.Rfd1 Rfd8 22.Rd2 Ne7
23.Rbd1 Rc7 24.Bg3 Rcd7 25.Kf2 Nf5 26.Nxe6 Rxd2 27.Nxd8 Rxd1 28.Bxd1 Nxb2
29.Bb3 Nd3+ 30.Kg1 Nxg3 31.hxg3 Nc5 32.Bxf7+ Kf8 33.Nxb7 Nxb7 34.Bd5 Nd6
35.Kf2 a5 36.e4 a4 37.Ke3 Nb5 38.Bc6 Nxa3 39.Bxa4 b5 40.Bb3 b4 41.g4 Nb1
42.Bc4 Ke7 43.Bd3 Nc3 44.Kd4 Nd1 45.Bc4 Nc3 46.Kc5 Nd1 47.Kxb4 Kd6 48.Be2 Nf2
49.Kc4 Ke5 50.Kc3 g5 51.Bb5 Nh1 52.Kd3 Ng3 53.Be8 Nh1 54.Ke3 Ng3 55.Bf7 Kf6
56.Bh5 Ke5 57.Be8 Nh1 58.Bb5 Ng3 59.Kf2 Nh1+ 60.Kg1 Ng3 61.Kh2  1-0

[Event "Ljubljana op"]
[Site "Ljubljana"]
[Date "1997.??.??"]
[Round "5"]
[White "Nikolov, Sasho"]
[Black "Drazic, Sinisa"]
[Result "1-0"]
[WhiteElo "2370"]
[BlackElo "2430"]

1.d4 Nf6 2.c4 e6 3.Nc3 Bb4 4.Qc2 O-O 5.a3 Bxc3+ 6.Qxc3 Ne4 7.Qc2 f5 8.Nh3 Nc6
9.e3 Qh4 10.g3 Qh5 11.Nf4 Qf7 12.Bg2 d6 13.O-O e5 14.dxe5 dxe5 15.Nd3 a5
16.b3 Be6 17.a4 Rad8 18.Bb2 Nd2 19.Bxc6 bxc6 20.Nxe5 Qh5 21.Rfe1 Nf3+ 22.Nxf3 Qxf3
23.Rad1 Qg4 24.Rd2 h5 25.Red1 Rb8 26.Qc3 f4 27.exf4 Rxf4 28.Re1 Rf7 29.Re5 Qg6
30.h4 Bg4 31.Rg5 Qb1+ 32.Kh2 Qh7 33.Qxa5 Qh6 34.Qe5 c5 35.Qxc5 Qe6 36.Qd4 Qe7
37.b4 Rbf8 38.b5 Be2 39.Rxe2  1-0

[Event "Minsk op"]
[Site "Minsk"]
[Date "1997.??.??"]
[Round "2"]
[White "Veremeichik, Vladimir"]
[Black "Shipov, Sergei"]
[Result "1/2-1/2"]
[WhiteElo "2350"]
[BlackElo "2540"]

1.d4 Nf6 2.c4 e6 3.Nc3 Bb4 4.Qc2 O-O 5.a3 Bxc3+ 6.Qxc3 b6 7.Bg5 Bb7 8.e3 d6
9.f3 h6 10.Bh4 Nbd7 11.Bd3 c5 12.Ne2 Rc8 13.Qb3 d5 14.O-O Ba6 15.Bxf6 Nxf6
16.Qa4 Bxc4 17.Bxc4 dxc4 18.Qxc4 cxd4 19.Qxd4 Rc2 20.Rf2 Qc7 21.Rd1 e5 22.Qb4 Rd8
23.Rxd8+ Qxd8 24.Ng3 Rc1+ 25.Nf1 Qd3 26.e4 b5 27.h4 Nd7 28.Qe7 g6 29.g3 Qd4
30.Kg2 Nc5 31.Re2 Rb1 32.Ne3 Rxb2 33.Rxb2 Qxb2+ 34.Kh3 Qc1  1/2-1/2

[Event "Mondariz op"]
[Site "Mondariz"]
[Date "1997.??.??"]
[Round "?"]
[White "Pogorelov, Ruslan"]
[Black "Rodriguez Lopez, Rafael"]
[Result "1-0"]
[WhiteElo "2440"]
[BlackElo "2325"]

1.d4 Nf6 2.c4 e6 3.Nc3 Bb4 4.Qc2 O-O 5.a3 Bxc3+ 6.Qxc3 b6 7.Nf3 Bb7 8.g3 Be4
9.Bh3 d5 10.O-O Nbd7 11.b4 c6 12.Nd2 Bg6 13.Bg2 b5 14.c5 a5 15.Nb3 a4 16.Na5 Qc8
17.f3 Re8 18.Bf4 Nf8 19.Rae1 N6d7 20.e4 Qa6 21.Bd6 f5 22.exd5 cxd5 23.Rf2 Rac8
24.Qd2 Nb8 25.Bf1 Red8 26.Bxf8 Kxf8 27.Qe2 Be8 28.Qxe6 Qxe6 29.Rxe6 Nc6 30.Nxc6 Bxc6
31.Rfe2 Re8 32.Rxc6  1-0

[Event "Amber-rapid 6th"]
[Site "Monte Carlo"]
[Date "1997.??.??"]
[Round "5"]
[White "Ljubojevic, Ljubomir"]
[Black "Karpov, Anatoly"]
[Result "1-0"]
[WhiteElo "2570"]
[BlackElo "2760"]

1.d4 Nf6 2.c4 e6 3.Nc3 Bb4 4.Qc2 O-O 5.a3 Bxc3+ 6.Qxc3 b6 7.Bg5 Bb7 8.e3 d6
9.f3 Nbd7 10.Nh3 c5 11.dxc5 bxc5 12.Be2 d5 13.O-O Qb6 14.Rad1 a5 15.Rd2 Rfe8
16.Rc1 Rac8 17.Bd1 h6 18.Bh4 Ba6 19.Ba4 Bxc4 20.Bxf6 Nxf6 21.Bxe8 Nxe8 22.Nf4 a4
23.e4 Nf6 24.exd5 exd5 25.Re1 Qb5 26.h4 Bb3 27.g4 Qc6 28.Rde2 d4 29.Qd3 Rd8
30.Kf2 c4 31.Qd2 d3 32.Re5 Nh7 33.Qa5 Rf8 34.Nd5 Kh8 35.Ne7 Qf6 36.Kg3 Qd6
37.Nf5 Qb8 38.Kg2 Nf6 39.Qc3 Rd8 40.Qd2 Nh7 41.Re7 Kg8 42.Qc3 Nf6 43.Nxh6+ Kh7
44.Rxf7 Qf4 45.Ree7 Bd1 46.Rxg7+ Kxh6 47.g5+ Kh5 48.Rh7+ Nxh7 49.Rxh7+ Kg6
50.Qg7+ Kf5 51.Qf6+  1-0

[Event "Amber-rapid 6th"]
[Site "Monte Carlo"]
[Date "1997.??.??"]
[Round "9"]
[White "Karpov, Anatoly"]
[Black "Piket, Jeroen"]
[Result "1-0"]
[WhiteElo "2760"]
[BlackElo "2640"]

1.d4 Nf6 2.c4 e6 3.Nc3 Bb4 4.Qc2 O-O 5.a3 Bxc3+ 6.Qxc3 Ne4 7.Qc2 f5 8.e3 c5
9.f3 Qh4+ 10.g3 Nxg3 11.Qf2 f4 12.exf4 Nf5 13.Qxh4 Nxh4 14.dxc5 a5 15.b3 Nc6
16.Kf2 Rb8 17.Rb1 b6 18.cxb6 Rxb6 19.Be3 Rb7 20.c5 Rb8 21.Bd3 Bb7 22.Be4 Ne7
23.Ne2 Nd5 24.Bd2 e5 25.Rhd1 g5 26.f5 h6 27.Bxa5 Nf6 28.Ng3 Bxe4 29.fxe4 Ra8
30.b4 Rf7 31.Rd6 Kh7 32.Rbd1 Ra7 33.R1d3 Ne8 34.Rb6 Ng7 35.Rdd6 Ne6 36.Ke3 Nd4
37.Rxh6+ Kg8 38.Nh5 Nc6 39.Kd3 Ra8 40.Kc4 Nf3 41.Nf6+ Kg7 42.Rg6+ Kh8 43.Rh6+ Kg7
44.Ng4 Kg8 45.Rbxc6 dxc6 46.Rxc6 Kg7 47.Rg6+ Kh8 48.c6 Rh7 49.c7 Rc8 50.Kd5 Rd7+
51.Kc6  1-0

[Event "Montpellier Masters op"]
[Site "Montpellier"]
[Date "1997.??.??"]
[Round "2"]
[White "Elbilia, Jacques"]
[Black "Palac, Mladen"]
[Result "1/2-1/2"]
[WhiteElo "2575"]
[BlackElo "2335"]

1.d4 Nf6 2.c4 e6 3.Nc3 Bb4 4.Qc2 O-O 5.a3 Bxc3+ 6.Qxc3 b6 7.Bg5 h6 8.Bh4 Ba6
9.Nf3 d6 10.e3 Nbd7 11.b4 c5 12.dxc5 bxc5 13.b5 Bb7 14.Be2 a6 15.O-O axb5
16.cxb5 Ra4 17.Bg3 Ne4 18.Qc2 Qa5 19.Rfd1 Nxg3 20.hxg3 d5 21.Nd2 Ra8 22.Rac1 Qc7
23.Nb1 R4a5 24.e4 c4 25.exd5 exd5 26.Nc3 Nb6 27.Bf3 Rd8 28.Rd4 Rxa3 29.Rcd1 Qc5
30.Qd2 Re8 31.Nxd5 Bxd5 32.Bxd5 c3 33.Qc2 Qxb5 34.Bxf7+ Kxf7 35.Qh7 Re6 36.Rd8 Qc6
37.Rg8 Rg6 38.Rdd8 Nd7 39.Rge8 Ra1+ 40.Kh2 Rg5 41.Qg8+ Kg6 42.Re6+ Nf6 43.g4 Qc7+
44.Rdd6 Qf7 45.Rxf6+ Qxf6 46.Rxf6+ Kxf6 47.Qf8+ Kg6 48.Qd6+  1/2-1/2

[Event "Goldberg mem"]
[Site "Moscow "]
[Date "1997.??.??"]
[Round "13"]
[White "Rychagov, Andrei"]
[Black "Kiselev, Sergey"]
[Result "0-1"]
[WhiteElo "2455"]
[BlackElo "2485"]

1.d4 Nf6 2.c4 e6 3.Nc3 Bb4 4.Qc2 O-O 5.a3 Bxc3+ 6.Qxc3 d6 7.g3 Qe7 8.Nf3 b6
9.Bg2 Bb7 10.O-O Nbd7 11.b4 c5 12.Rd1 Rfd8 13.Bb2 cxd4 14.Qxd4 Ne8 15.e4 Rac8
16.Rac1 Ndf6 17.Ne1 Ba6 18.Bf1 Rd7 19.Ng2 Bb7 20.f3 h6 21.Ne3 Rdc7 22.Bg2 Bc6
23.Re1 Qd8 24.Rcd1 Rd7 25.b5 Bb7 26.a4 Qc7 27.Ba3 Rdd8 28.Rd2 Nd7 29.Red1 Nc5
30.Bxc5 Qxc5 31.e5 Qc7 32.f4 Bxg2 33.Kxg2 Kf8 34.Kh3 dxe5 35.Qxe5 Rxd2 36.Rxd2 Qb7
37.f5 Rc5 38.Qf4 e5 39.Qh4 Nf6  0-1

[Event "Pripis mem"]
[Site "Moscow"]
[Date "1997.??.??"]
[Round "10"]
[White "Annakov, Babakuli"]
[Black "Seferjan, Narek"]
[Result "1/2-1/2"]
[WhiteElo "2365"]
[BlackElo "2275"]

1.d4 Nf6 2.c4 e6 3.Nc3 Bb4 4.Qc2 O-O 5.Nf3 c5 6.dxc5 Na6 7.g3 Nxc5 8.Bg2 Nce4
9.O-O Nxc3 10.bxc3 Be7 11.e4 d6 12.e5 dxe5 13.Nxe5 Qc7 14.Qe2 Ne8 15.Bf4 Bd6
16.c5 Qxc5 17.c4 f6 18.Nd3 Qc7 19.c5 Bxf4 20.Nxf4 e5  1/2-1/2

[Event "Moscow-1"]
[Site "Moscow"]
[Date "1997.??.??"]
[Round "11"]
[White "Murzin, Lenar"]
[Black "Lomineishvili, Maia"]
[Result "0-1"]
[WhiteElo "2320"]
[BlackElo "2385"]

1.d4 Nf6 2.c4 e6 3.Nc3 Bb4 4.Qc2 O-O 5.a3 Bxc3+ 6.Qxc3 b6 7.Bg5 c5 8.dxc5 bxc5
9.e3 h6 10.Bh4 Nc6 11.Nf3 g5 12.Bg3 Ne4 13.Qc2 Qa5+ 14.Nd2 Nxd2 15.Qxd2 Qxd2+
16.Kxd2 e5 17.h4 g4 18.f3 d6 19.Be2 h5 20.Raf1 f5 21.fxg4 hxg4 22.Kc3 Rb8
23.Rf2 Be6 24.Bd3 a5 25.Bc2 Rb6 26.Rhf1 Ne7 27.h5 Rf7 28.b3 Kg7 29.Bh4 d5
30.Bxe7 d4+ 31.exd4 cxd4+ 32.Kd2 Rxe7 33.Bxf5 Bxf5 34.Rxf5 Rxb3 35.Rg5+ Kh7
36.Rxg4 e4 37.Rgf4 e3+ 38.Kc2 Rc3+ 39.Kb2 Rb7+ 40.Ka2 Rc2+ 41.Ka1 e2  0-1

[Event "New York op"]
[Site "New York"]
[Date "1997.??.??"]
[Round "?"]
[White "Leykekhman, Dmitr"]
[Black "Epishin, Vladimir"]
[Result "0-1"]
[WhiteElo "2280"]
[BlackElo "2600"]

1.d4 Nf6 2.c4 e6 3.Nc3 Bb4 4.Qc2 O-O 5.Nf3 d6 6.Bd2 b6 7.e4 Bb7 8.Bd3 Nbd7
9.e5 dxe5 10.dxe5 Nc5 11.exf6 Qxd3 12.Qxd3 Nxd3+ 13.Ke2 Rfd8 14.fxg7 Nxb2
15.Ne5 Rxd2+ 16.Kxd2 Na4  0-1

[Event "JUG-chT"]
[Site "Niksic"]
[Date "1997.??.??"]
[Round "1"]
[White "Drasko, Milan"]
[Black "Vratonjic, Slobodan"]
[Result "1/2-1/2"]
[WhiteElo "2520"]
[BlackElo "2435"]

1.d4 Nf6 2.c4 e6 3.Nc3 Bb4 4.Qc2 O-O 5.a3 Bxc3+ 6.Qxc3 b6 7.Bg5 Ba6 8.e3 d6
9.Bd3 Nbd7 10.Ne2 c5 11.Qb3 h6 12.Bh4 Rc8 13.Qa4 Bb7 14.O-O Qc7 15.Rac1 cxd4
16.exd4 Be4 17.Bxe4 Nxe4 18.Rfd1 Qb7 19.d5 e5 20.Qc2 Nef6 21.Qd3 a6 22.Nc3 Qc7
23.b3 Rfe8 24.Ne2 Qb7 25.a4 b5 26.cxb5  1/2-1/2

[Event "JUG-chT"]
[Site "Niksic"]
[Date "1997.??.??"]
[Round "6"]
[White "Marcetic, Nikola"]
[Black "Zafirovski, Mite"]
[Result "1/2-1/2"]
[WhiteElo "2330"]
[BlackElo "2290"]

1.d4 Nf6 2.c4 e6 3.Nc3 Bb4 4.Qc2 O-O 5.a3 Bxc3+ 6.Qxc3 b6 7.Bg5 c5 8.dxc5 bxc5
9.e3 h6 10.Bh4 d6 11.Bd3 Nbd7 12.Ne2 Rb8 13.Rd1 Ne4 14.Bxe4 Qxh4 15.Bc2 Rb6
16.O-O Ba6 17.b3 Qe7 18.Rd2 Nf6 19.Rfd1 d5 20.cxd5 exd5 21.Ng3 g6 22.Bb1 Rfb8
23.Ba2 h5 24.Rc2 Rc8 25.Qa5 Bb7 26.Qd2 h4 27.Ne2 h3 28.b4 cxb4 29.Rxc8+ Bxc8
30.axb4 Qxb4 31.gxh3 Bxh3 32.Nf4 Qxd2 33.Rxd2 Be6 34.Nxd5 Bxd5 35.Bxd5 Kf8
36.Bc4 Rb4 37.Ba6 Rg4+ 38.Kf1 Rh4 39.Ra2 Rxh2 40.Bc8 Rh1+ 41.Ke2 Rc1 42.Bb7 Rc7
43.Bg2 Ke7 44.Kd3 Nd7 45.Kd4 Nb6 46.Bf1 Kd6 47.Bd3 Re7 48.f4 Ke6 49.Bf1 Rd7+
50.Ke4 Kd6 51.Bb5 Re7+ 52.Kd4 Rc7 53.Bd3 Ke7 54.Bb5 Nd7 55.Bxd7 Rxd7+ 56.Ke4 Kf6
57.Ra6+ Kg7 58.Kf3 Re7 59.e4 Kf8 60.e5 Ke8 61.Ke4 Rb7 62.Ra4 Kd7 63.f5 gxf5+
64.Kxf5 Ke7 65.Ra1 Kf8 66.Ra2 Ke8 67.Ra1 Kd8 68.Kf6 Re7 69.Kf5 Kc7 70.Kf6  1/2-1/2

[Event "JUG-chT"]
[Site "Niksic"]
[Date "1997.??.??"]
[Round "10"]
[White "Marcetic, Nikola"]
[Black "Savic, Miodrag"]
[Result "1/2-1/2"]
[WhiteElo "2330"]
[BlackElo "2215"]

1.d4 Nf6 2.c4 e6 3.Nc3 Bb4 4.Qc2 O-O 5.a3 Bxc3+ 6.Qxc3 Ne4 7.Qc2 f5 8.Nf3 b6
9.g3 Bb7 10.Bg2 Qf6 11.O-O d6 12.b4 Nd7 13.Ng5 Qg6 14.Nxe4 Bxe4 15.Qa4 Nf6
16.Bxe4 fxe4 17.Qc6 Qg4 18.Ra2 Qh3 19.f4 Rac8 20.e3 h5 21.Rg2 Rf7 22.Bb2 Qf5
23.d5 Ng4 24.dxe6 Qxe6 25.Re1 Nh6 26.Rd2 Re8 27.c5 dxc5 28.Qxe6 Rxe6 29.bxc5 h4
30.cxb6 axb6 31.Be5 Rg6 32.Rg2 Nf5 33.gxh4 Rxg2+ 34.Kxg2 Nxh4+ 35.Kg3 Nf3
36.Rc1 Nxe5 37.fxe5 c5 38.Rb1 Rf3+ 39.Kg4 Rxe3 40.Rxb6 Rxa3 41.Rc6 Rc3 42.e6 Kf8
43.Rc7 e3 44.Kf3 g5 45.Rf7+ Ke8 46.Rg7  1/2-1/2

[Event "Nova Gorica op"]
[Site "Nova Gorica"]
[Date "1997.??.??"]
[Round "3"]
[White "Savchenko, Stanislav"]
[Black "Zelcic, Robert"]
[Result "0-1"]
[WhiteElo "2575"]
[BlackElo "2455"]

1.d4 Nf6 2.c4 e6 3.Nc3 Bb4 4.Qc2 O-O 5.a3 Bxc3+ 6.Qxc3 Ne4 7.Qc2 f5 8.g3 b6
9.Bg2 Bb7 10.Nf3 Nf6 11.O-O Be4 12.Qc3 d6 13.b4 Nbd7 14.Bb2 Qe8 15.Rac1 a5
16.b5 Qh5 17.Qd2 Rae8 18.a4 Ba8 19.Rcd1 Kh8 20.Bc1 e5 21.Qc2 Be4 22.Qc3 exd4
23.Nxd4 Bxg2 24.Kxg2 Ne4 25.Qc2 Ne5 26.f3 Nc5 27.Bb2 Rf6 28.Kg1 f4 29.gxf4 Rxf4
30.Rf2 Qg6+ 31.Qxg6 hxg6 32.Rc1 Nxa4 33.Ba1 Nc5 34.Rg2 Kh7 35.Kh1 a4 36.e3 Rf7
37.f4 Ned3 38.Rcg1 Ne4 39.h4 Nef2+ 40.Kh2 Rxe3  0-1

[Event "RUS-Cup9"]
[Site "Novgorod"]
[Date "1997.??.??"]
[Round "7"]
[White "Doroshkievich, Vladimir K"]
[Black "Pavlov, Aleksandr"]
[Result "1-0"]
[WhiteElo "2385"]
[BlackElo "2225"]

1.d4 Nf6 2.c4 e6 3.Nc3 Bb4 4.Qc2 O-O 5.Bg5 h6 6.Bh4 c5 7.e3 b6 8.Bd3 Bb7
9.f3 d5 10.cxd5 exd5 11.Ne2 Re8 12.Bf2 Nc6 13.O-O cxd4 14.exd4 Bd6 15.Bg3 Nb4
16.Qd2 Nxd3 17.Qxd3 Bf8 18.Rac1 Rc8 19.Rfe1 Rc4 20.Nxd5 Rxc1 21.Nxf6+ Qxf6
22.Rxc1 Bc8 23.Nc3 Bf5 24.Qd2 Rd8 25.d5 Bc5+ 26.Bf2 Bb4 27.Rd1 Qg6 28.a3 Bh3
29.Bg3 Bc5+ 30.Kh1 Bd7 31.d6 b5 32.Bf2 Qf5 33.Nd5 Bxd6 34.Ne3 Bf4 35.Nxf5 Bxd2
36.Rxd2  1-0

[Event "Portoroz op"]
[Site "Portoroz"]
[Date "1997.??.??"]
[Round "?"]
[White "Nikolov, Sasho"]
[Black "Tukmakov, Vladimir B"]
[Result "0-1"]
[WhiteElo "2370"]
[BlackElo "2585"]

1.d4 Nf6 2.c4 e6 3.Nc3 Bb4 4.Qc2 O-O 5.a3 Bxc3+ 6.Qxc3 Ne4 7.Qc2 f5 8.Nh3 b6
9.f3 Nf6 10.Nf2 Bb7 11.e3 Nc6 12.Bd3 Qe8 13.O-O Qh5 14.Rd1 Ne7 15.Bf1 Ng6
16.Nd3 Nh4 17.Ne1 g5 18.d5 g4 19.fxg4 Qxg4 20.b4 e5 21.Bb2 d6 22.c5 Rae8
23.cxd6 cxd6 24.Qb3 Re7 25.Rac1 Rg7 26.Rd2 Ne4 27.Rdc2 f4 28.exf4 Qxf4  0-1

[Event "GER-chT Seniors"]
[Site "Potsdam"]
[Date "1997.??.??"]
[Round "2"]
[White "Fronczek, Heinrich"]
[Black "Cording, Harm"]
[Result "1/2-1/2"]
[WhiteElo "2270"]
[BlackElo "2285"]

1.d4 Nf6 2.c4 e6 3.Nc3 Bb4 4.Qc2 O-O 5.Bg5 c5 6.e3 h6 7.Bh4 b6 8.Bd3 Bb7
9.Nf3 cxd4 10.Nxd4 Na6 11.O-O Nc5 12.Ndb5 Nxd3 13.Qxd3 d5 14.cxd5 a6 15.Bxf6 Qxf6
16.a3 Bxc3 17.Nxc3 Bxd5 18.Nxd5 exd5 19.b4 Rfd8 20.Rfd1 Rac8 21.Qxa6 Rc2
22.Qf1 d4 23.exd4 Rxd4 24.Rxd4 Qxd4 25.Rd1 Qb2 26.h4 Qxa3 27.h5 Qc3 28.Qb5 Rc1
29.Qe8+ Kh7 30.Qe4+ Kg8  1/2-1/2

[Event "EU-chT (Men)"]
[Site "Pula"]
[Date "1997.??.??"]
[Round "1"]
[White "Jacimovic, Dragoljub"]
[Black "Sax, Gyula"]
[Result "1/2-1/2"]
[WhiteElo "2470"]
[BlackElo "2545"]

1.d4 Nf6 2.c4 e6 3.Nc3 Bb4 4.Qc2 O-O 5.Nf3 c5 6.dxc5 Na6 7.Bg5 Nxc5 8.Nd2 h6
9.Bh4 d5 10.cxd5 exd5 11.Bxf6 Qxf6 12.Nxd5 Bxd2+ 13.Qxd2 Qe5 14.Rd1 Be6 15.Qc3 Qxc3+
16.Nxc3 b5 17.e3 b4  1/2-1/2

[Event "EU-chT (Men)"]
[Site "Pula"]
[Date "1997.??.??"]
[Round "2"]
[White "Timoshchenko, Gennadi A"]
[Black "Palac, Mladen"]
[Result "1/2-1/2"]
[WhiteElo "2515"]
[BlackElo "2595"]

1.d4 Nf6 2.c4 e6 3.Nc3 Bb4 4.Qc2 O-O 5.Nf3 c5 6.dxc5 Na6 7.e3 Nxc5 8.Bd2 b6
9.Be2 Ba6 10.a3 Bxc3 11.Bxc3  1/2-1/2

[Event "RUS-ch Armed Forces"]
[Site "Sevastopol"]
[Date "1997.??.??"]
[Round "9"]
[White "Legky, Nikolay A"]
[Black "Vyzmanavin, Alexey"]
[Result "1/2-1/2"]
[WhiteElo "2535"]
[BlackElo "2585"]

1.d4 Nf6 2.c4 e6 3.Nc3 Bb4 4.Qc2 O-O 5.a3 Bxc3+ 6.Qxc3 b6 7.Bg5 h6 8.Bh4 Ba6
9.e3 d6 10.Bd3 Nbd7 11.Ne2 c5 12.b4 cxd4 13.exd4 Rc8 14.Qb3 e5 15.b5 Bb7
16.O-O e4 17.Bb1 Re8 18.Ba2 g5 19.Bg3 d5 20.Rac1  1/2-1/2

[Event "Sochi"]
[Site "Sochi"]
[Date "1997.??.??"]
[Round "?"]
[White "Kiriakov, Petr"]
[Black "Savon, Vladimir A"]
[Result "1-0"]
[WhiteElo "2530"]
[BlackElo "2445"]

1.d4 Nf6 2.c4 e6 3.Nc3 Bb4 4.Qc2 O-O 5.a3 Bxc3+ 6.Qxc3 b6 7.Bg5 Ba6 8.Nf3 d6
9.e3 Nbd7 10.Nd2 Rc8 11.b4 h6 12.Bh4 Bb7 13.f3 e5 14.Bd3 exd4 15.Qxd4 Ne5
16.Be2 c5 17.Qb2 Re8 18.Rd1 Qe7 19.O-O cxb4 20.axb4 Qe6 21.e4 Ng6 22.Bxf6 gxf6
23.Rfe1 f5 24.Bf1 f4 25.Nb3 Ne5 26.Qd2 Qf6 27.Qd4 Kg7 28.Ra1 Ra8 29.Red1 Red8
30.Ra2 Nc6 31.Qxf6+ Kxf6 32.b5 Nb4 33.Rad2 Ke5 34.Nc1 a5 35.bxa6 Bxa6 36.Rb2 Nc6
37.Rxb6 Na5 38.Rd5+  1-0

[Event "St Petersburg"]
[Site "St Petersburg"]
[Date "1997.??.??"]
[Round "8"]
[White "Ivanov, Sergey"]
[Black "Kortschnoj, Viktor"]
[Result "1/2-1/2"]
[WhiteElo "2515"]
[BlackElo "2635"]

1.d4 Nf6 2.c4 e6 3.Nc3 Bb4 4.Qc2 O-O 5.a3 Bxc3+ 6.Qxc3 b6 7.Bg5 Ba6 8.e3 d6
9.Bd3 Nbd7 10.Ne2 h6 11.Bh4 Rc8 12.b4 Ne4 13.Bxe4 Qxh4 14.Bc6 Nb8 15.Bf3 c6
16.O-O d5 17.c5 Nd7 18.Rfe1 Qg5 19.Ng3 e5 20.e4 exd4 21.Qxd4 bxc5 22.bxc5 Ne5
23.Be2 Bxe2 24.Rxe2 Rcd8 25.f4 Qxf4 26.Rf1 Qg5  1/2-1/2

[Event "Stockholm"]
[Site "Stockholm"]
[Date "1997.??.??"]
[Round "4"]
[White "Sjoberg, Mats"]
[Black "Akesson, Ralf"]
[Result "1-0"]
[WhiteElo "2420"]
[BlackElo "2520"]

1.d4 Nf6 2.c4 e6 3.Nc3 Bb4 4.Qc2 O-O 5.Nf3 c5 6.dxc5 Na6 7.g3 Nxc5 8.Bg2 Nce4
9.O-O Nxc3 10.bxc3 Be7 11.e4 d6 12.e5 dxe5 13.Nxe5 Nd7 14.Bf4 Nxe5 15.Bxe5 Qa5
16.Rfe1 f6 17.Bf4 Kh8 18.Rab1 e5 19.Bxb7 Rb8 20.Bd5 Rxb1 21.Qxb1 Ba6 22.Be3 Qc7
23.Qb3 Rc8 24.Rb1 Bc5 25.Bxc5 Qxc5 26.Qa4 Qd6 27.Rd1 Qb6 28.c5  1-0

[Event "SVK-chT1W 9798"]
[Site "SVK"]
[Date "1997.??.??"]
[Round "?"]
[White "Borik, Juraj"]
[Black "Mokos, Jozef"]
[Result "0-1"]
[WhiteElo "2105"]
[BlackElo "2260"]

1.d4 Nf6 2.c4 e6 3.Nc3 Bb4 4.Qc2 O-O 5.Bg5 d6 6.Nf3 h6 7.Bd2 Nbd7 8.a3 Bxc3
9.Bxc3 Qe7 10.e4 e5 11.dxe5 dxe5 12.Be2 b6 13.O-O Bb7 14.Nd2 Nc5 15.Bf3 Nfd7
16.g3 Ne6 17.Bg2 c5 18.Nf3 Nd4 19.Nxd4 cxd4 20.Bd2 Qe6 21.Rfc1 Rfc8 22.b4 Rc7
23.f4 Rac8 24.f5 Qxc4 25.Qxc4 Rxc4 26.Re1 Rc2 27.Bc1 Nf6 28.a4 a6 29.b5 a5
30.Ba3 Ng4 31.Bf3 Ne3 32.g4 Nc4 33.Bc1 f6 34.h4 d3 35.Rd1 d2 36.Ba3 Ne3 37.Rdb1 R8c3
38.Bd1 Nxd1 39.Rxd1 Bxe4 40.Kf2 Bf3  0-1

[Event "SVK-chT 9697"]
[Site "SVK"]
[Date "1997.??.??"]
[Round "9"]
[White "Kaposztas, Miklos"]
[Black "Polak, Tomas"]
[Result "1/2-1/2"]
[WhiteElo "2315"]
[BlackElo "2445"]

1.d4 Nf6 2.c4 e6 3.Nc3 Bb4 4.Qc2 O-O 5.Nf3 b6 6.g3 Bb7 7.Bg2 d6 8.O-O Bxc3
9.Qxc3 Nbd7 10.b3 Qe7 11.Bb2 Ne4 12.Qc2 f5 13.e3 Ndf6 14.a4 a5 15.Rad1 Rae8
16.Ba3 c5 17.Bb2 g5 18.dxc5 bxc5 19.Bxf6 Rxf6 20.Nd2  1/2-1/2

[Event "SWZ-chT9697"]
[Site "SWZ"]
[Date "1997.??.??"]
[Round "?"]
[White "Kelecevic, Nedeljko"]
[Black "Wirthensohn, Heinz"]
[Result "1-0"]
[WhiteElo "2430"]
[BlackElo "2375"]

1.d4 Nf6 2.c4 e6 3.Nc3 Bb4 4.Qc2 O-O 5.a3 Bxc3+ 6.Qxc3 b6 7.Bg5 Ba6 8.Nf3 d6
9.e3 Nbd7 10.Nd2 Rc8 11.Qc2 Bb7 12.f3 c5 13.dxc5 Rxc5 14.Bh4 d5 15.b4 Rc8
16.Qb2 Re8 17.Be2 e5 18.cxd5 Bxd5 19.O-O Nf8 20.Bb5 Re6 21.Rfd1 Ng6 22.Bxf6 Qxf6
23.Bd7 Rf8 24.Bxe6 Qxe6 25.Nf1 e4 26.f4 Bc4 27.Ng3 f5 28.Rac1 b5 29.Qd4 Qa6
30.Rc3 Qa4 31.Rd2 a5 32.Qa7 axb4 33.Qxa4 bxc3 34.Qb4 cxd2 35.Qxd2 Bd3 36.Qa2+ Rf7
37.Qd5 Ne7 38.Qd8+  1-0

[Event "SWZ-chT9697"]
[Site "SWZ"]
[Date "1997.??.??"]
[Round "?"]
[White "Kelecevic, Nedeljko"]
[Black "Pelletier, Yannick"]
[Result "1/2-1/2"]
[WhiteElo "2430"]
[BlackElo "2470"]

1.d4 Nf6 2.c4 e6 3.Nc3 Bb4 4.Qc2 O-O 5.a3 Bxc3+ 6.Qxc3 Ne4 7.Qc2 f5 8.Nh3 d6
9.f3 Nf6 10.Nf2 e5 11.dxe5 dxe5 12.e3 a5 13.Bd3 e4 14.fxe4 fxe4 15.Be2 Nc6
16.O-O Bf5 17.Bd2 Qe7 18.Rad1 Nd7 19.Bc3 Nb6 20.Nh1 Bg6 21.Rxf8+ Rxf8 22.Rf1 Rxf1+
23.Bxf1 Nd7 24.Nf2 Nc5 25.Qd2 a4 26.Qd5+ Bf7 27.Qf5 Bg6 28.Qd5+ Bf7 29.Qf5 g6
30.Qd5  1/2-1/2